000 01209cam a2200337 a 4500
003 CHAP
005 20220329142506.0
007 z
008 010620d1999 mx 00 spa d
010 _a84243
011 _a85215
020 _a9701324935
035 _a95746
040 _cCHAP
090 _aCD-88
110 0 0 _aInstituto Nacional de Estadística, Geografía e Informática. México
_959304
245 0 0 _aSCIENCE :
_bsistema para la consulta de información censal por colonias
_c/por Instituto Nacional de Estadística, Geografía e Informática
260 _aAguscalientes, Ags. :
_bInstituto Nacional de Estadística, Geografía e Informática,
_c1999.
300 _a1 disco compacto 5 1/4 plgs.
590 _aBATCH-UPD
_b10
_c20130110
_lUCH01
_h0933
590 _aBATCH-UPD
_b10
_c20130410
_lUCH01
_h0552
590 _aBATCH-UPD
_b10
_c20130914
_lUCH01
_h0946
590 _aCONVERSION
_b10
_c20130109
_lUCH01
_h1347
650 1 4 _aCiudades y pueblos
_xMéxico.
_923525
650 1 4 _aPoblación
_xEstadísticas
_zMéxico.
_989385
650 1 4 _aUrbanismo
_zMéxico.
_9116849
901 _aBK
905 _aLilia Sánchez G.
942 _cCD
949 _aCD-88
_bBC
_cCD
_d33724000837209
_eCD
_i95746
_sb
999 _c84243
_d84243